Los versos del capitan

Na minha lista:
Detalhes bibliográficos
Autor principal: Neruda, Pablo (autor)
Formato: Livro
Idioma:espanhol
Publicado em: Buenos Aires Losada 1974
Edição:8a. ed
Colecção:Biblioteca clásica y contemporanea
Assuntos:
Tags: Adicionar Tag
Sem tags, seja o primeiro a adicionar uma tag!

MARC

LEADER 00000nam a2200000 a 4500
001 UCH6380
003 CL-VaPUC
008 091109e19740000AG |||||||||||||||||spa|d
082 0 4 |a Ch861  |b NER  |2 21 
100 |a Neruda, Pablo  |e autor  |9 306531 
245 1 4 |a Los versos del capitan 
250 |a 8a. ed 
300 |a 122 p 
942 |c BK 
945 |d 20091109 00:00:00  |a lazolas 
260 |a Buenos Aires  |b Losada  |c 1974 
650 0 |a Poesías chilenas   |9 265280 
583 |a last modification  |c 20091109 00:00:00  |k Rodrigo Vera 
490 0 |a Biblioteca clásica y contemporanea 
999 |c 337282  |d 337280